[Event "Agzamov Memorial 17th"]
[Site "Tashkent"]
[Date "2024.03.28"]
[Round "2"]
[White "Atabayev, Saparmyrat"]
[Black "Sadubayev, Airat"]
[Result "1-0"]
[WhiteElo "2506"]
[BlackElo "2290"]
[PlyCount "63"]
[EventDate "2024.03.27"]
[EventType "swiss"]
[EventRounds "10"]
[EventCountry "UZB"]
[SourceTitle "CB14_2024"]
[SourceDate "2024.04.01"]
[SourceVersion "1"]
[SourceVersionDate "2024.04.01"]
[SourceQuality "1"]

1. e4 c6 2. d4 d5 3. e5 Bf5 4. h4 h5 5. Bd3 Bxd3 6. Qxd3 e6 7. Bg5 Qb6 8. Nd2 Ne7 9. Ne2 Nf5 10. 0-0 Be7 11. Bxe7 Nxe7 12. c4 Nf5 13. Rac1 0-0 14. b3 Na6 15. Nf3 Rad8 16. Rfd1 g6 17. Nf4 Nb4 18. Qd2 dxc4 19. bxc4 Nxd4 20. Nxd4 c5 21. Qe1 Rxd4 22. Rxd4 cxd4 23. Rb1 Nc2 24. Qd1 Qc5 25. Qxc2 Qxe5 26. Nd3 Qe4 27. c5 Rc8 28. f3 Qe3+ 29. Kh2 Rc7 30. Re1 Qh6 31. Re4 Qg7 32. Qa4 1-0

[Event "Titled Tuesday intern op 12th Sep Early"]
[Site "Chess.com INT"]
[Date "2023.09.12"]
[Round "2"]
[White "Sadubayev, Airat"]
[Black "Ardila, Oscar Humberto"]
[Result "1-0"]
[WhiteElo "2304"]
[BlackElo "1979"]
[PlyCount "102"]
[EventDate "2023.09.12"]
[EventType "swiss (blitz)"]
[EventRounds "11"]
[EventCountry "USA"]
[SourceTitle "EXT 2024"]
[Source "ChessBase"]
[SourceDate "2023.10.10"]
[SourceVersion "1"]
[SourceVersionDate "2023.10.10"]
[SourceQuality "1"]

1. d4 Nf6 2. c4 e6 3. Nf3 Bb4+ 4. Nbd2 0-0 5. a3 Be7 6. e4 d6 7. Bd3 Nbd7 8. 0-0 e5 9. b4 Re8 10. Bb2 exd4 11. Nxd4 Ne5 12. Bc2 c5 13. N4f3 Bg4 14. bxc5 Nxf3+ 15. Nxf3 dxc5 16. e5 Qxd1 17. Raxd1 Nh5 18. Be4 Nf4 19. h3 Be6 20. Bd5 Red8 21. Bxe6 Nxe6 22. g3 Kf8 23. Rd5 Nc7 24. Rdd1 Ke8 25. Kg2 Rxd1 26. Rxd1 Rd8 27. Rxd8+ Kxd8 28. Nd2 Kd7 29. f4 g6 30. Kf3 h5 31. g4 hxg4+ 32. hxg4 a6 33. Ke4 Kc6 34. f5 gxf5+ 35. gxf5 b5 36. cxb5+ axb5 37. Nf3 Nd5 38. f6 Bf8 39. Ng5 Nb6 40. Nxf7 Nc4 41. Bc1 Kd7 42. Ng5 b4 43. axb4 cxb4 44. e6+ Kd8 45. Kd5 Nb6+ 46. Kc6 Nc8 47. Nf7+ Ke8 48. Ne5 b3 49. Ng6 Bb4 50. f7+ Kd8 51. Bg5+ Be7 1-0

[Event "Titled Tuesday intern op 12th Sep Early"]
[Site "Chess.com INT"]
[Date "2023.09.12"]
[Round "7"]
[White "Sadubayev, Airat"]
[Black "Oparin, Grigoriy"]
[Result "0-1"]
[WhiteElo "2304"]
[BlackElo "2681"]
[PlyCount "94"]
[EventDate "2023.09.12"]
[EventType "swiss (blitz)"]
[EventRounds "11"]
[EventCountry "USA"]
[SourceTitle "EXT 2024"]
[Source "ChessBase"]
[SourceDate "2023.10.10"]
[SourceVersion "1"]
[SourceVersionDate "2023.10.10"]
[SourceQuality "1"]

1. d4 Nf6 2. c4 e6 3. Nf3 b6 4. a3 Bb7 5. Nc3 Ne4 6. Nxe4 Bxe4 7. e3 d6 8. Bd3 Bxd3 9. Qxd3 Nd7 10. 0-0 Be7 11. e4 0-0 12. b4 a5 13. Bb2 Qc8 14. d5 e5 15. Rfc1 g6 16. Qe2 Bf6 17. Ne1 Bg5 18. Rd1 f5 19. Nd3 fxe4 20. Qxe4 Nf6 21. Qe2 e4 22. Ne1 Qf5 23. Nc2 Ng4 24. Rf1 axb4 25. Nd4 Qf4 26. g3 Qd2 27. Qxg4 Qxb2 28. Ne6 Rxf2 29. Rxf2 Qxa1+ 30. Kg2 Be3 31. Re2 Qg1+ 32. Kh3 Qf1+ 33. Kh4 Qf6+ 34. Kh3 Qf1+ 35. Kh4 Bh6 36. axb4 Qf6+ 37. Kh3 Qf1+ 38. Kh4 e3 39. Nxc7 Rf8 40. Ne6 Rf5 41. c5 Rh5+ 42. Qxh5 gxh5 43. cxd6 Bf8 44. Nxf8 Qxe2 45. Kg5 Qg4+ 46. Kf6 Kxf8 47. d7 Qxd7 0-1

[Event "Titled Tuesday intern op 12th Sep Early"]
[Site "Chess.com INT"]
[Date "2023.09.12"]
[Round "4"]
[White "Sadubayev, Airat"]
[Black "Tulchynskyi, Feliks"]
[Result "0-1"]
[WhiteElo "2304"]
[BlackElo "2228"]
[PlyCount "60"]
[EventDate "2023.09.12"]
[EventType "swiss (blitz)"]
[EventRounds "11"]
[EventCountry "USA"]
[SourceTitle "EXT 2024"]
[Source "ChessBase"]
[SourceDate "2023.10.10"]
[SourceVersion "1"]
[SourceVersionDate "2023.10.10"]
[SourceQuality "1"]

1. d4 d5 2. c4 dxc4 3. e4 e5 4. Nf3 exd4 5. Bxc4 Be6 6. Bxe6 fxe6 7. Qb3 Nf6 8. Qxe6+ Be7 9. 0-0 Qd7 10. Qb3 c5 11. Bg5 Nc6 12. e5 Nd5 13. Bxe7 Ncxe7 14. Nbd2 0-0 15. Ne4 b6 16. Rfe1 Kh8 17. Nd6 Qe6 18. Re4 Qg6 19. Rae1 Nf4 20. g3 Nh3+ 21. Kg2 Nf4+ 22. Kh1 Ne6 23. Nh4 Qh6 24. f4 g5 25. Nhf5 Nxf5 26. Nxf5 Rxf5 27. Qd5 Raf8 28. Qd7 gxf4 29. g4 R5f7 30. Rg1 Rxd7 0-1

[Event "Titled Tuesday intern op 12th Sep Early"]
[Site "Chess.com INT"]
[Date "2023.09.12"]
[Round "6"]
[White "Teterev, Vitaly"]
[Black "Sadubayev, Airat"]
[Result "0-1"]
[WhiteElo "2306"]
[BlackElo "2304"]
[PlyCount "140"]
[EventDate "2023.09.12"]
[EventType "swiss (blitz)"]
[EventRounds "11"]
[EventCountry "USA"]
[SourceTitle "EXT 2024"]
[Source "ChessBase"]
[SourceDate "2023.10.10"]
[SourceVersion "1"]
[SourceVersionDate "2023.10.10"]
[SourceQuality "1"]

1. e4 c5 2. Nf3 e6 3. g3 Nc6 4. Bg2 Nf6 5. d3 d5 6. Qe2 Be7 7. 0-0 0-0 8. e5 Nd7 9. c4 d4 10. h4 Qc7 11. Bf4 b6 12. h5 Bb7 13. h6 g6 14. Nbd2 Rae8 15. Rfe1 Kh8 16. Ne4 Nb4 17. a3 Bxe4 18. dxe4 Nc6 19. Qd2 Ndxe5 20. Nxe5 Nxe5 21. b4 f6 22. Bxe5 Qxe5 23. b5 g5 24. Bf3 Rg8 25. Bh5 Ref8 26. Qe2 d3 27. Qxd3 g4 28. Qd7 Qxh5 29. Qxe7 Qxh6 30. Qxe6 Re8 31. Qd6 Qg7 32. Rad1 Qe7 33. Qc6 Rd8 34. Rd5 Rge8 35. Red1 Rc8 36. Qd6 Qxd6 37. Rxd6 Rc7 38. Rxf6 Rxe4 39. Rc6 Rf7 40. Rcd6 Rxc4 41. Rd7 Rxd7 42. Rxd7 Ra4 43. Rd3 Kg7 44. Kf1 Kf6 45. Ke2 Ke5 46. Rd7 Rxa3 47. Rxh7 Ra5 48. Rg7 Kf5 49. Rf7+ Kg5 50. Rg7+ Kf5 51. Rf7+ Ke6 52. Rg7 Ra4 53. Ke3 Rb4 54. Rxa7 Rxb5 55. Rg7 Rb4 56. f3 gxf3 57. Kxf3 Kd5 58. Rf7 Rb1 59. Ke3 b5 60. g4 b4 61. g5 Rg1 62. Rf5+ Kc4 63. Kf2 Rg4 64. Kf3 Rg1 65. Kf2 Rh1 66. g6 Rh8 67. g7 Rg8 68. Rg5 b3 69. Ke2 b2 70. Rg1 Rxg7 0-1

[Event "Titled Tuesday intern op 05th Sep Early"]
[Site "Chess.com INT"]
[Date "2023.09.05"]
[Round "7"]
[White "Popov, Konstantin"]
[Black "Sadubayev, Airat"]
[Result "1-0"]
[WhiteElo "2345"]
[BlackElo "2304"]
[PlyCount "85"]
[EventDate "2023.09.05"]
[EventType "swiss (blitz)"]
[EventRounds "11"]
[EventCountry "USA"]
[SourceTitle "EXT 2024"]
[Source "ChessBase"]
[SourceDate "2023.10.10"]
[SourceVersion "1"]
[SourceVersionDate "2023.10.10"]
[SourceQuality "1"]

1. e4 c5 2. Nf3 e6 3. d4 cxd4 4. Nxd4 Nf6 5. Nc3 Nc6 6. Ndb5 Bc5 7. Nd6+ Ke7 8. Bf4 e5 9. Nf5+ Kf8 10. Bg5 d6 11. Bc4 Be6 12. Bb3 h6 13. Bxf6 Qxf6 14. Nd5 Qd8 15. 0-0 g6 16. Nfe3 Kg7 17. c3 Rf8 18. Bc2 a6 19. a4 Rc8 20. b4 Ba7 21. a5 Ne7 22. Bb3 Bxe3 23. Nxe3 Rxc3 24. Bxe6 fxe6 25. Qg4 Qc8 26. Rad1 Rf4 27. Qh3 Qd7 28. Nf5+ gxf5 29. Qxc3 Rxe4 30. f3 Re2 31. Qd3 Rb2 32. Qxd6 Qxd6 33. Rxd6 Kf6 34. Rb6 Nd5 35. Rxb7 Ne3 36. Ra1 Nxg2 37. b5 Nh4 38. bxa6 Nxf3+ 39. Kf1 Rd2 40. Ra3 e4 41. a7 f4 42. Rxf3 exf3 43. a8Q 1-0

[Event "Titled Tuesday intern op 05th Sep Early"]
[Site "Chess.com INT"]
[Date "2023.09.05"]
[Round "8"]
[White "Sadubayev, Airat"]
[Black "Kuznetsov, Mikhail V"]
[Result "1-0"]
[WhiteElo "2304"]
[BlackElo "2246"]
[PlyCount "129"]
[EventDate "2023.09.05"]
[EventType "swiss (blitz)"]
[EventRounds "11"]
[EventCountry "USA"]
[SourceTitle "EXT 2024"]
[Source "ChessBase"]
[SourceDate "2023.10.10"]
[SourceVersion "1"]
[SourceVersionDate "2023.10.10"]
[SourceQuality "1"]

1. d4 Nf6 2. c4 e6 3. Nf3 Bb4+ 4. Nbd2 0-0 5. a3 Bxd2+ 6. Bxd2 d6 7. e3 Nbd7 8. Bd3 e5 9. Qc2 Qe7 10. e4 exd4 11. Nxd4 Nc5 12. f3 Bd7 13. 0-0 Rfe8 14. Bc3 Na4 15. Bd2 Qe5 16. Be3 c5 17. Ne2 Qxb2 18. Rab1 Qxc2 19. Bxc2 Nb6 20. Bb3 Be6 21. Rbc1 Nfd7 22. Nf4 Ne5 23. Nxe6 fxe6 24. Rfd1 Rad8 25. a4 Nc6 26. Kf2 e5 27. Bd2 Nd4 28. Rb1 Nd7 29. a5 Nb8 30. Ba4 Re7 31. Rb2 Nbc6 32. Rdb1 Rdd7 33. Bc3 Kf7 34. Ke3 Re6 35. Kd3 Ree7 36. g3 Ke6 37. f4 exf4 38. gxf4 Rf7 39. f5+ Ke5 40. Bxd4+ cxd4 41. a6 b6 42. Bxc6 Rc7 43. Rb5+ Kf6 44. Bd5 Rfe7 45. Kxd4 g6 46. Rf1 g5 47. Rb2 h6 48. Rg2 Rc5 49. h4 Rh7 50. Rh1 Rg7 51. hxg5+ Rxg5 52. Rxh6+ Kg7 53. Rxg5+ Kxh6 54. Rg6+ Kh7 55. Rxd6 Kh8 56. Rd7 Ra5 57. f6 b5 58. f7 Kg7 59. Rd8 Kg6 60. f8Q Kg5 61. Qf5+ Kh4 62. Rh8+ Kg3 63. Rh3+ Kg2 64. Qf3+ Kg1 65. Rh1# 1-0

[Event "Titled Tuesday intern op 05th Sep Early"]
[Site "Chess.com INT"]
[Date "2023.09.05"]
[Round "6"]
[White "Sadubayev, Airat"]
[Black "Sjugirov, Sanan"]
[Result "1-0"]
[WhiteElo "2304"]
[BlackElo "2705"]
[PlyCount "151"]
[EventDate "2023.09.05"]
[EventType "swiss (blitz)"]
[EventRounds "11"]
[EventCountry "USA"]
[SourceTitle "EXT 2024"]
[Source "ChessBase"]
[SourceDate "2023.10.10"]
[SourceVersion "1"]
[SourceVersionDate "2023.10.10"]
[SourceQuality "1"]

1. d4 Nf6 2. c4 e6 3. Bf4 Bb4+ 4. Nd2 b6 5. a3 Bxd2+ 6. Qxd2 Bb7 7. Nf3 d6 8. e3 Nbd7 9. h3 Qe7 10. Be2 0-0 11. 0-0 Ne4 12. Qc2 f5 13. Bh2 Ng5 14. Qd1 a5 15. Rc1 a4 16. Nxg5 Qxg5 17. Bf3 Be4 18. Qe2 Ra5 19. Rfd1 h6 20. Bg3 Qe7 21. Rd2 Bxf3 22. Qxf3 Nf6 23. Rdc2 Ne4 24. Bh2 c5 25. Rd1 cxd4 26. exd4 Rc8 27. Qe2 Qd7 28. Re1 Re8 29. Kh1 Raa8 30. f3 Nf6 31. c5 bxc5 32. dxc5 dxc5 33. Rxc5 Nd5 34. Be5 Rec8 35. Rec1 Rxc5 36. Rxc5 Rc8 37. Qc4 Rxc5 38. Qxc5 Kh7 39. Kh2 Qb7 40. Qd6 Qf7 41. Qc6 Qg6 42. Qc5 f4 43. Qf2 Qf5 44. Qd4 Ne3 45. Qxf4 Qxf4+ 46. Bxf4 Nc4 47. Bc1 g5 48. g4 Kg6 49. Kg3 e5 50. Kf2 Kf6 51. Ke2 Ke6 52. Kd3 Kd5 53. Kc3 Kc5 54. b3 axb3 55. Kxb3 Kd4 56. Kc2 e4 57. fxe4 Kxe4 58. a4 Kf3 59. Kb3 Na5+ 60. Kb4 Nc6+ 61. Kb5 Nd4+ 62. Kc4 Nc6 63. Bd2 Kg3 64. Kc5 Nb8 65. a5 Kxh3 66. Kb6 Kxg4 67. Kc7 Na6+ 68. Kb6 Nb8 69. Kb7 Nd7 70. Bb4 h5 71. a6 h4 72. a7 h3 73. a8Q h2 74. Qa1 Ne5 75. Qd1+ Nf3 76. Bd6 1-0

[Event "Uralsk op"]
[Site "Uralsk"]
[Date "2023.07.24"]
[Round "5"]
[White "Sadubayev, Airat"]
[Black "Goganov, Aleksey"]
[Result "0-1"]
[WhiteElo "2320"]
[BlackElo "2531"]
[PlyCount "94"]
[EventDate "2023.07.21"]
[EventType "swiss"]
[EventRounds "9"]
[EventCountry "KAZ"]
[SourceTitle "CBM 215 Extra"]
[Source "ChessBase"]
[SourceDate "2023.09.30"]
[SourceVersion "1"]
[SourceVersionDate "2023.09.30"]
[SourceQuality "1"]

1. d4 d5 2. c4 c6 3. Nf3 Nf6 4. Nc3 e6 5. Bg5 h6 6. Bh4 dxc4 7. e4 g5 8. Bg3 b5 9. Be2 Bb7 10. 0-0 Nbd7 11. Ne5 Nxe5 12. Bxe5 Rg8 13. Qc2 h5 14. Rad1 Nd7 15. Bxh5 Nxe5 16. dxe5 Qc7 17. f4 Rh8 18. Qe2 gxf4 19. Qg4 Bc5+ 20. Kh1 Qxe5 21. Bxf7+ Ke7 22. Rxf4 Be3 23. Bxe6 Rxh2+ 24. Kxh2 Qxf4+ 25. Qxf4 Bxf4+ 26. g3 Be5 27. Bf5 Rd8 28. Rxd8 Kxd8 29. a3 a5 30. Kg2 b4 31. axb4 Bxc3 32. bxa5 Bxb2 33. Kf2 Bc3 34. Ke3 Bxa5 35. Kd4 c3 36. e5 Bc8 37. Bc2 Be6 38. Ke4 Ke7 39. Kf4 Bb4 40. g4 Ba3 41. Kg3 Bc1 42. Kf3 Kf7 43. Kg3 Kg7 44. Kf3 Kh6 45. Ke4 c5 46. Bd1 Kg5 47. Kd3 Bd2 0-1

[Event "Titled Tuesday intern op 23rd May Early"]
[Site "Chess.com INT"]
[Date "2023.05.23"]
[Round "3"]
[White "Bastos Seixas, Pedro Lucas"]
[Black "Sadubayev, Airat"]
[Result "0-1"]
[WhiteElo "2055"]
[BlackElo "2320"]
[PlyCount "42"]
[EventDate "2023.05.23"]
[EventType "swiss (blitz)"]
[EventRounds "11"]
[EventCountry "USA"]
[SourceTitle "CBM 214 Extra"]
[Source "ChessBase"]
[SourceDate "2023.07.31"]
[SourceVersion "1"]
[SourceVersionDate "2023.07.31"]
[SourceQuality "1"]

1. d4 d5 2. Nf3 Nf6 3. Bf4 c5 4. c3 Nc6 5. e3 Bf5 6. Bd3 Bg6 7. 0-0 e6 8. Ne5 Rc8 9. Bb5 Qb6 10. Qb3 c4 11. Bxc6+ bxc6 12. Qxb6 axb6 13. Nd2 Nh5 14. g4 Nxf4 15. exf4 f6 16. Nef3 Bd3 17. Rfe1 Kf7 18. Nh4 Bd6 19. Ng2 h5 20. f3 hxg4 21. fxg4 Rh3 0-1

[Event "Titled Tuesday intern op 14th Mar Early"]
[Site "Chess.com INT"]
[Date "2023.03.14"]
[Round "10"]
[White "Kraus, Tomas"]
[Black "Sadubayev, Airat"]
[Result "0-1"]
[WhiteElo "2486"]
[BlackElo "2320"]
[PlyCount "34"]
[EventDate "2023.03.14"]
[EventType "swiss (blitz)"]
[EventRounds "11"]
[EventCountry "USA"]
[SourceTitle "EXT 2024"]
[Source "ChessBase"]
[SourceDate "2023.10.10"]
[SourceVersion "1"]
[SourceVersionDate "2023.10.10"]
[SourceQuality "1"]

1. e4 c6 2. d4 d5 3. f3 dxe4 4. fxe4 e5 5. Nf3 Bg4 6. Bc4 Nf6 7. Bxf7+ Ke7 8. 0-0 Bxf3 9. Rxf3 Kxf7 10. Bg5 Be7 11. Nc3 Qxd4+ 12. Qxd4 exd4 13. Ne2 Kg6 14. Bxf6 Bxf6 15. Nf4+ Kf7 16. e5 Bxe5 17. Nd5+ Ke6 0-1

[Event "Titled Tuesday intern op 14th Mar Early"]
[Site "Chess.com INT"]
[Date "2023.03.14"]
[Round "3"]
[White "Sadubayev, Airat"]
[Black "Skuhala, Barbara"]
[Result "0-1"]
[WhiteElo "2320"]
[BlackElo "2114"]
[PlyCount "82"]
[EventDate "2023.03.14"]
[EventType "swiss (blitz)"]
[EventRounds "11"]
[EventCountry "USA"]
[SourceTitle "EXT 2024"]
[Source "ChessBase"]
[SourceDate "2023.10.10"]
[SourceVersion "1"]
[SourceVersionDate "2023.10.10"]
[SourceQuality "1"]

1. d4 Nf6 2. c4 e6 3. Nc3 Bb4 4. Nf3 c5 5. e3 cxd4 6. exd4 0-0 7. Bd3 d5 8. cxd5 exd5 9. 0-0 Bg4 10. Bg5 Bxc3 11. bxc3 Nbd7 12. Re1 Rc8 13. Rc1 Qa5 14. Qc2 h6 15. Bh4 Bxf3 16. gxf3 Rfe8 17. Rf1 Rc6 18. Kh1 Rec8 19. Qb2 Rxc3 20. Bf5 Rxc1 21. Rxc1 Rxc1+ 22. Qxc1 Qxa2 23. Bxf6 gxf6 24. Bxd7 Qxf2 25. Bg4 Kg7 26. h3 Qxd4 27. Qc2 a5 28. Kg2 a4 29. Qc7 b5 30. Bh5 Qd2+ 31. Kg1 Qg5+ 32. Bg4 h5 33. Qc5 hxg4 34. hxg4 a3 35. Qxa3 Qf4 36. Qb3 d4 37. Kg2 Qe3 38. Qxb5 d3 39. Qb1 d2 40. Qd1 Qe1 41. Qa4 d1Q 0-1

[Event "Titled Tuesday intern op 14th Mar Early"]
[Site "Chess.com INT"]
[Date "2023.03.14"]
[Round "5"]
[White "Sanchez, Roberto Daniel"]
[Black "Sadubayev, Airat"]
[Result "0-1"]
[WhiteElo "1966"]
[BlackElo "2320"]
[PlyCount "62"]
[EventDate "2023.03.14"]
[EventType "swiss (blitz)"]
[EventRounds "11"]
[EventCountry "USA"]
[SourceTitle "EXT 2024"]
[Source "ChessBase"]
[SourceDate "2023.10.10"]
[SourceVersion "1"]
[SourceVersionDate "2023.10.10"]
[SourceQuality "1"]

1. e4 c6 2. d4 d5 3. e5 Bf5 4. Nf3 e6 5. Be2 c5 6. 0-0 Nc6 7. c3 Nge7 8. Na3 Bg6 9. Bg5 h6 10. Bh4 a6 11. dxc5 Qc7 12. Re1 Nf5 13. c4 d4 14. Bd3 Bxc5 15. Nc2 0-0 16. a3 a5 17. Bg3 Rad8 18. Rb1 Be7 19. b4 axb4 20. axb4 Qb6 21. c5 Qc7 22. Na3 Nxg3 23. hxg3 Bxd3 24. Qxd3 Rd5 25. Nb5 Qd7 26. Nd6 Bxd6 27. exd6 b6 28. b5 Na7 29. Ne5 Qd8 30. cxb6 Qxb6 31. Nd7 Qxd6 0-1

[Event "Titled Tuesday intern op 7th Mar Early"]
[Site "Chess.com INT"]
[Date "2023.03.07"]
[Round "9"]
[White "Lisjak, Zlatko"]
[Black "Sadubayev, Airat"]
[Result "0-1"]
[WhiteElo "2226"]
[BlackElo "2320"]
[PlyCount "82"]
[EventDate "2023.03.07"]
[EventType "swiss (blitz)"]
[EventRounds "11"]
[EventCountry "USA"]
[SourceTitle "EXT 2024"]
[Source "ChessBase"]
[SourceDate "2023.10.10"]
[SourceVersion "1"]
[SourceVersionDate "2023.10.10"]
[SourceQuality "1"]

1. d4 d5 2. Nc3 Nf6 3. Bf4 c5 4. e3 a6 5. Nf3 e6 6. a3 Bd6 7. dxc5 Bxc5 8. Bd3 Nc6 9. e4 dxe4 10. Nxe4 Nxe4 11. Bxe4 Qb6 12. 0-0 f5 13. Bxc6+ Qxc6 14. b4 Be7 15. Ne5 Qe4 16. Qh5+ Kd8 17. Nf7+ Kd7 18. Ne5+ Kc7 19. Ng6+ Kb6 20. Be3+ Kb5 21. Nxh8 Bd7 22. Qf7 Bc6 23. a4+ Kc4 24. f3 Qxe3+ 25. Kh1 Bxb4 26. Qxg7 Bc3 27. Qxh7 Bxa1 28. Rxa1 Qc3 29. Rf1 Rxh8 30. Qe7 Qe5 31. h3 Qg3 32. Qxe6+ Bd5 33. Qe2+ Kc5 34. Rf2 Qf4 35. Qd3 Qc1+ 36. Kh2 Qf4+ 37. g3 Qe5 38. h4 f4 39. Qa3+ Kc6 40. g4 Rxh4+ 41. Kg2 Qe1 0-1

[Event "Titled Tuesday intern op 7th Mar Early"]
[Site "Chess.com INT"]
[Date "2023.03.07"]
[Round "10"]
[White "Sadubayev, Airat"]
[Black "Alahakoon, Isuru"]
[Result "1-0"]
[WhiteElo "2320"]
[BlackElo "1874"]
[PlyCount "69"]
[EventDate "2023.03.07"]
[EventType "swiss (blitz)"]
[EventRounds "11"]
[EventCountry "USA"]
[SourceTitle "EXT 2024"]
[Source "ChessBase"]
[SourceDate "2023.10.10"]
[SourceVersion "1"]
[SourceVersionDate "2023.10.10"]
[SourceQuality "1"]

1. d4 d5 2. c4 e6 3. Nf3 Nf6 4. g3 Bb4+ 5. Bd2 Bd6 6. Bg2 c6 7. 0-0 0-0 8. Qc2 Nbd7 9. Rd1 Ne4 10. Be1 f5 11. Nbd2 Qf6 12. cxd5 exd5 13. Nb3 g5 14. Bd2 f4 15. Be1 g4 16. Nfd2 Nxd2 17. Nxd2 fxg3 18. hxg3 Bxg3 19. fxg3 Qxd4+ 20. Kh2 Qb6 21. Nf1 Ne5 22. Bc3 Bf5 23. Qd2 Ng6 24. Qd4 Qc7 25. e4 Bxe4 26. Bxe4 dxe4 27. Re1 Rf2+ 28. Qxf2 Rf8 29. Qe3 Qf7 30. Nd2 Qf5 31. Rf1 Qh5+ 32. Kg1 Rf3 33. Nxf3 gxf3 34. Qd4 Qh3 35. Qg7# 1-0

[Event "Titled Tuesday intern op 21st Feb Early"]
[Site "Chess.com INT"]
[Date "2023.02.21"]
[Round "3"]
[White "Delorme, Axel"]
[Black "Sadubayev, Airat"]
[Result "0-1"]
[WhiteElo "2483"]
[BlackElo "2308"]
[PlyCount "94"]
[EventDate "2023.02.21"]
[EventType "swiss (blitz)"]
[EventRounds "11"]
[EventCountry "USA"]
[SourceTitle "CBM 212 Extra"]
[Source "ChessBase"]
[SourceDate "2023.03.31"]
[SourceVersion "1"]
[SourceVersionDate "2023.03.31"]
[SourceQuality "1"]

1. e4 c5 2. Nf3 Nc6 3. Bb5 g6 4. 0-0 Bg7 5. c3 d5 6. e5 Bg4 7. d4 Qb6 8. Bxc6+ Qxc6 9. Be3 Nh6 10. dxc5 Nf5 11. Bd4 0-0 12. Nbd2 b6 13. cxb6 axb6 14. h3 Bxf3 15. Nxf3 Ra4 16. Qd2 Rfa8 17. a3 e6 18. Rac1 Bf8 19. g4 Ne7 20. Qg5 Qc7 21. Rfd1 Nc6 22. Qe3 Qb7 23. h4 Na5 24. h5 Nc4 25. Qe2 R4a6 26. Kg2 Bh6 27. g5 Bg7 28. Nh2 Ra5 29. hxg6 hxg6 30. Ng4 Rb5 31. Rc2 Rba5 32. Rh1 Kf8 33. Nf6 R5a6 34. Rh7 Qc7 35. Rc1 Ra5 36. Rch1 R5a7 37. Qe1 Rb8 38. f4 Rba8 39. Qh4 Bxf6 40. gxf6 Ke8 41. Rh8+ Kd7 42. Qh7 Kc6 43. Rxa8 Rxa8 44. Qg7 Nxb2 45. Rh7 Ra7 46. Qxf7 Qxf7 47. Rxf7 Rxf7 0-1

[Event "Titled Tuesday intern op 21st Feb Early"]
[Site "Chess.com INT"]
[Date "2023.02.21"]
[Round "9"]
[White "Sadubayev, Airat"]
[Black "Krishnan, Ritvik"]
[Result "1-0"]
[WhiteElo "2308"]
[BlackElo "2004"]
[PlyCount "151"]
[EventDate "2023.02.21"]
[EventType "swiss (blitz)"]
[EventRounds "11"]
[EventCountry "USA"]
[SourceTitle "CBM 212 Extra"]
[Source "ChessBase"]
[SourceDate "2023.03.31"]
[SourceVersion "1"]
[SourceVersionDate "2023.03.31"]
[SourceQuality "1"]

1. d4 Nf6 2. c4 g6 3. Nc3 Bg7 4. e4 d6 5. f3 0-0 6. Be3 c5 7. Nge2 Nc6 8. b3 Qa5 9. Qd2 a6 10. Rd1 b5 11. Nd5 Nxd5 12. cxd5 Qxd2+ 13. Rxd2 Nxd4 14. Nxd4 cxd4 15. Bxd4 Bd7 16. Bxg7 Kxg7 17. Rc2 Rfc8 18. Bd3 Kf6 19. Kd2 Ke5 20. Ke3 g5 21. g3 Rxc2 22. f4+ Kf6 23. Bxc2 Rc8 24. Bd3 Bh3 25. Ra1 e5 26. f5 Rb8 27. Rc1 Rb6 28. a4 b4 29. Rc6 Rxc6 30. dxc6 Ke7 31. Bxa6 Kd8 32. Kf2 Kc7 33. Bb5 Kb6 34. a5+ Kc7 35. a6 Kb6 36. Bc4 f6 37. Bb5 Bg4 38. Ke3 Bh5 39. Kd3 Bf7 40. Bc4 Be8 41. Bd5 Bxc6 42. Bxc6 Kxc6 43. Kc4 Kb6 44. Kxb4 Kxa6 45. Kc4 Kb6 46. Kd5 Kc7 47. g4 Kd7 48. b4 Kc7 49. b5 h6 50. Ke6 Kb6 51. Kxf6 Kxb5 52. Ke6 Kc5 53. f6 d5 54. f7 d4 55. f8Q+ Kc4 56. Kxe5 d3 57. Qd6 Kc3 58. Kf5 d2 59. e5 Kc2 60. e6 d1Q 61. Qxd1+ Kxd1 62. e7 Ke2 63. e8Q+ Kf3 64. Qh5 Kg2 65. Qxh6 Kf3 66. Kxg5 Kg2 67. Qh4 Kf3 68. Qg3+ Ke4 69. h4 Kd5 70. Kf5 Kc6 71. Qd3 Kc5 72. Ke5 Kc6 73. Qc4+ Kd7 74. Qc5 Kd8 75. Ke6 Ke8 76. Qc8# 1-0

[Event "Titled Tuesday intern op 14th Feb Early"]
[Site "Chess.com INT"]
[Date "2023.02.14"]
[Round "1"]
[White "Hoffmann, Asa"]
[Black "Sadubayev, Airat"]
[Result "1/2-1/2"]
[WhiteElo "2185"]
[BlackElo "2308"]
[PlyCount "129"]
[EventDate "2023.02.14"]
[EventType "swiss (blitz)"]
[EventRounds "11"]
[EventCountry "USA"]
[SourceTitle "CBM 212 Extra"]
[Source "ChessBase"]
[SourceDate "2023.03.31"]
[SourceVersion "1"]
[SourceVersionDate "2023.03.31"]
[SourceQuality "1"]

1. d4 d5 2. Bg5 Nd7 3. c4 dxc4 4. Nc3 Ngf6 5. e4 e6 6. Bxc4 h6 7. Bh4 Bb4 8. f3 c5 9. a3 Ba5 10. dxc5 Bxc3+ 11. bxc3 Qa5 12. Ne2 Qxc5 13. Qd4 b6 14. 0-0 0-0 15. Rfd1 Bb7 16. a4 Rfc8 17. Bb5 Ne5 18. Bxf6 gxf6 19. h3 a6 20. Bd3 Rd8 21. Qxc5 bxc5 22. Bc2 Kf8 23. Rab1 Bc6 24. a5 Bb5 25. Nf4 Ke7 26. Kf2 Nc6 27. Ra1 Rab8 28. Nd3 Rbc8 29. Ke3 Ne5 30. Nxe5 fxe5 31. Bd3 Rb8 32. c4 Bc6 33. Rab1 Kd6 34. g4 Kc7 35. h4 f6 36. Be2 Rxd1 37. Rxb8 Kxb8 38. Bxd1 Kc7 39. f4 Kd6 40. f5 exf5 41. gxf5 Be8 42. Be2 Bf7 43. Kd3 Ke7 44. Ke3 Kf8 45. Kf2 Be8 46. Kg3 Ba4 47. Kf2 Kg7 48. Ke3 Bc2 49. Bf3 Bb3 50. Be2 Kf8 51. Bd3 Ba4 52. Be2 Bc6 53. Bf3 Ke7 54. Be2 Kd6 55. Bf3 Be8 56. Be2 Bf7 57. Bd3 Bh5 58. Bf1 Ke7 59. Be2 Bxe2 60. Kxe2 h5 61. Kf3 Kd6 62. Ke3 Ke7 63. Kf3 Kd6 64. Ke3 Ke7 65. Kf3 1/2-1/2

[Event "Cheliabinsk Lozovatsky Memorial-A"]
[Site "Cheliabinsk"]
[Date "2023.02.02"]
[Round "7"]
[White "Sadubayev, Airat"]
[Black "Salemgareev, Tagir"]
[Result "1/2-1/2"]
[WhiteElo "2308"]
[BlackElo "2466"]
[PlyCount "57"]
[EventDate "2023.01.27"]
[EventType "swiss"]
[EventRounds "10"]
[EventCountry "RUS"]
[SourceTitle "CBM 212 Extra"]
[Source "ChessBase"]
[SourceDate "2023.03.31"]
[SourceVersion "1"]
[SourceVersionDate "2023.03.31"]
[SourceQuality "1"]

1. d4 Nf6 2. c4 e6 3. Nf3 d5 4. g3 Be7 5. Bg2 0-0 6. 0-0 a5 7. Qc2 c6 8. Nbd2 b5 9. b3 Ba6 10. c5 b4 11. Re1 Nbd7 12. e4 Rc8 13. a3 dxe4 14. Nxe4 Nxe4 15. Qxe4 Nf6 16. Qc2 Nd5 17. Bd2 Bb5 18. h4 h6 19. Ne5 Bf6 20. Qe4 Bxe5 21. Qxe5 Bd3 22. axb4 axb4 23. Ra7 Bc2 24. Bxd5 Qxd5 25. Qxd5 exd5 26. Bxb4 Bxb3 27. Ree7 Rce8 28. Rec7 Rc8 29. Re7 1/2-1/2